00339nam a2200145Ia 4500008004100000082001800041100001600059245001700075260002800092365000700120600001600127630001700143700001600160730001700176110201s9999 xx 000 0 und d bB10211aE 662 aSethi J. D. aGandhi Today bVikas Pub House Pvt Ltd b40 aSethi J. D. aGandhi Today aSethi J. D. aGandhi Today